| 000 | 00588cam a22001935a 4500 | ||
|---|---|---|---|
| 001 | E154859 | ||
| 008 | 120124s1958 xxk f 000 0 eng d | ||
| 035 | _a(Sirsi) u154859 | ||
| 041 | 0 | _aeng | |
| 050 | 0 | 4 | _a522.29 $2 18 |
| 110 | 2 |
_aWar Office _93243 |
|
| 245 | 0 | 0 |
_aUniversal transverse mercator grid tables _bfor the International, Clarke 1866, Bessel and Everest Spheroids |
| 260 |
_a[London] _bWar Office _c1958 |
||
| 300 |
_aunpaged _c34cm. |
||
| 520 | _aPrepared by the Directorate of Military Survey. | ||
| 651 | 4 | _aInternational | |
| 690 |
_aMeasurement _96256 |
||
| 942 | _n0 | ||
| 999 |
_c113204 _d113204 |
||